000 00249 a2200097 4500
001 35941
100 _aBulloush Robert V
245 _aClassroom Application of Microcomputers
260 _aLondon
_bMerrill Publishers Co.
_c
090 _c23491
_d23491
942 _aNUST-CAE
_cM
_c14993
999 _c271014
_d271014